[Event "Quebec-ch classe U2000"]
[Site "Trois Rivieres"]
[Date "2009.10.11"]
[Round "5"]
[White "Dumont, Felix"]
[Black "Deschenes, Jean"]
[Result "1/2-1/2"]
[WhiteElo "1844"]
[BlackElo "1850"]
[PlyCount "107"]
[EventDate "2009.10.09"]
[EventType "swiss"]
[EventRounds "5"]
[EventCountry "CAN"]
[SourceTitle "EXT 2011"]
[Source "ChessBase"]
[SourceDate "2010.11.26"]
[SourceVersion "1"]
[SourceVersionDate "2010.11.26"]
[SourceQuality "1"]

1. e4 c5 2. c4 Nc6 3. Nf3 d6 4. d4 cxd4 5. Nxd4 Bd7 6. Nc3 g6 7. Be3 Bg7 8. Be2 Nf6 9. 0-0 0-0 10. Qd2 a6 11. f3 Rc8 12. Rac1 Nxd4 13. Bxd4 Be6 14. Nd5 Bxd5 15. cxd5 Qd7 16. Bb6 Rxc1 17. Rxc1 Rc8 18. Rc2 Rxc2 19. Qxc2 h5 20. b4 e6 21. dxe6 Qxe6 22. Bf2 d5 23. exd5 Nxd5 24. Bc4 Qe5 25. g3 Ne3 26. Qc1 Nxc4 27. Qxc4 Qe7 28. Qc8+ Kh7 29. Qc5 Bf8 30. Kf1 Qxc5 31. Bxc5 Bxc5 32. bxc5 Kg7 33. Ke2 Kf6 34. Kd3 Ke5 35. Kc4 g5 36. c6 bxc6 37. Kc5 f5 38. Kxc6 Kd4 39. Kb6 Ke3 40. Kxa6 Kxf3 41. a4 f4 42. a5 Ke3 43. gxf4 gxf4 44. Kb6 f3 45. a6 f2 46. a7 f1Q 47. a8Q Qb1+ 48. Kc5 Qf5+ 49. Qd5 Qxd5+ 50. Kxd5 h4 51. h3 Kf3 52. Ke5 Kg3 53. Ke4 Kxh3 54. Kf3 1/2-1/2